Normal view
MARC view
- Fanny, Maude Evans
Entry Personal Name
001 - CONTROL NUMBER
- control field: 132253
003 - CONTROL NUMBER IDENTIFIER
- control field: NUST
005 - DATE AND TIME OF LATEST TRANSACTION
- control field: 20251212150008.0
008 - FIXED-LENGTH DATA ELEMENTS
- fixed length control field: 251212|| aca||aabn | a|a d
040 ## - CATALOGING SOURCE
- Original cataloging agency: NUST
- Transcribing agency: NUST
100 ## - HEADING--PERSONAL NAME
- Personal name: Fanny, Maude Evans
670 ## - SOURCE DATA FOUND
- Source citation: Work cat.: (NUST): Fanny, Maude Evans., Changing Memories into Memoirs: Guide to Writing Your Life Story /, 1984.
